00297nam a2200109Ia 4500008004100000082001200041082000800053245004500061245003600106260003600142300000900178231017s9999 xx 000 0 und d a385.028 bOGD 0aRailroad-highway grade crossing handbook 0cUS Department of Transportation bUS Department of Transportation c30cm